Catalog

Record Details

Catalog Search



Theologie des Alten Testaments : die Theologie der prophetischen Überlieferungen Israels Band II Cover Image Book Book

Theologie des Alten Testaments : die Theologie der prophetischen Überlieferungen Israels Gerhard von Rad Band II

Rad, Gerhard von (Author).

Record details

  • Physical Description: 458 S.
  • Edition: 1. Aufl.
  • Publisher: München Chr. Kaiser Verlag 1960

Available copies

  • 1 of 1 copy available at Common Catalog SPOK.

Holds

  • 0 current holds with 1 total copy.
Show Only Available Copies
Location Call Number / Copy Notes Barcode Shelving Location Status Due Date
ETS Library 230.0411 424470008401 Volný výběr Available -

LDR 00837nam a2 00253
00136770
003CZ-PrJAB
00520030506000000.0
008001128s1960 xr e |||| |ger
009ge
035 . ‡a(CONS)9184
035 . ‡aKPS7704
040 . ‡aABG450
041 . ‡ager
08214. ‡a230.0411
100 . ‡7109 ‡aRad, Gerhard von
245 . ‡aTheologie des Alten Testaments : ‡bdie Theologie der prophetischen Überlieferungen Israels ‡cGerhard von Rad ‡nBand II
250 . ‡a1. Aufl.
260 . ‡aMünchen ‡bChr. Kaiser Verlag ‡c1960
300 . ‡a458 S.
653 . ‡aTheologie des Alten Testaments die Theologie der prophetischen Überlieferungen Israels
8524 . ‡bETS ‡bETS ‡cVolný výběr ‡j230.0411 ‡gP ‡p424470002457 ‡xreference
8524 . ‡bETS ‡bETS ‡cVolný výběr ‡j230.0411 ‡gE ‡p424470008401
910 . ‡aABG450
999 . ‡a9184 ‡bAUTOGEN ‡c9184 ‡tbiblio
905 . ‡uadmin
901 . ‡a36770 ‡b ‡c36770 ‡tbiblio ‡sets

Additional Resources